Responses for Show #1034 - Thursday, February 16, 1989

1989 Teen Tournament final game 1.

Contestants

[<< previous game]

Elena Whitley, a junior from Raleigh, North Carolina

Stan Wu, a senior from Arlington, Virginia

Eric Newhouse, a junior from Sioux City, Iowa

[next game >>]

Jeopardy! Round responses

4-LETTER WORDS
FEBRUARY
COOKING
RADIO & TV
HEADS OF GOVERNMENT
HEAVY METAL
    $100 30
a shoe

Elena
    $100 7
February 29, 1992

Eric
    $100 25
(Eric: What is the white?)
...
(Alex: We have less than a minute to go.)

the yolk

EricStan
    $100 26
Geraldo Rivera

Elena
    $100 2
West Germany

Eric
    $100 8
AC/DC

Stan
    $200 29
(Alex: Yes, backwards its "flog".)

golf

Eric
    $200 9
Japan

Elena
    $200 24
sift it

Eric
    $200 20
Wolfman Jack

Stan
    $200 3
Egypt

Stan
    $200 11
Def Leppard

Eric
    $300 14
meld

Eric
    $300 10
FDR

Eric
    $300 23
saltwater taffy

Eric
    $300 19
Garry Shandling

Elena
    $300 4
South Africa

Elena
    $300 1
Sam Kinison

Elena
    $400 15
slay

Eric
    $400 27
John Jay

Stan
    $400 22
(Stan: What is spinach?)

onions

EricStan
    $400 17
(Eric: What is All Things Considered?)

Rockline

Eric
Triple Stumper
    $400 5
Mexico

Eric
    $400 12
Poison

Eric
    $500 18
dark

Eric
    $500 28
Copernicus & Galileo

Eric
    $500 21
lamb

Eric
    $1,500 16
[The song was reprised going into the break.]

The Greatest American Hero

Eric
    $500 6
Saudi Arabia

Stan
    $500 13
(1 of) Whitesnake (Deep Purple)

Eric

Scores at the first commercial break (after clue 15):

Eric Stan Elena
$2,700 $800 $800

Scores at the end of the Jeopardy! Round:

Eric Stan Elena
$6,300 $1,100 $1,300

Double Jeopardy! Round responses

FAMOUS TEENAGERS
JEWELRY
ENGLISH LITERATURE
ZOOLOGY
BODIES OF WATER
HEAVY METALS
    $200 30
Billy the Kid

Eric
    $200 21
rings

Eric
    $200 1
Dr. Dolittle

Eric
    $200 7
(Eric: What is food?)

water

EricStan
    $200 8
the River Jordan

Stan
    $200 10
(1 of) iron (cobalt & nickel)

Eric
    $400 29
Family Ties

Stan
    $400 22
ivory

Eric
    $400 2
Charles Dickens

Eric
    $400 15
a hippopotamus

Stan
    $400 9
the Rio Grande

Eric
    $400 11
platinum

Eric
    $600 28
tennis

Elena
    $600 23
a cameo

Elena
    $600 3
The Invisible Man

Eric
    $600 6
(Stan: What are the eyes?)

the brain

Stan
Triple Stumper
    $600 16
(Eric: What is Lake Erie?)
(Stan: What is Lake Michigan?)

Lake Ontario

EricStan
Triple Stumper
    $600 12
lead

Elena
    $800 26
Mary, Queen of Scots

Stan
    $800 24
(Eric: What is a necklace?)
[ERRATUM: The brand's name was HandyTan.]

a bracelet

Eric
Triple Stumper
    $2,500 4
(Alex: Charlotte, Emily & Anne.)

the Bronte sisters

Eric
    $800 19
heat

Eric
    $800 17
the Mediterranean

Elena
    $800 13
mercury

Eric
    $2,000 27
[NOTE: Alex announced less than a minute to go prior to the wager.]

Queen Victoria

Stan
    $1000 25
Monet

Stan
    $1000 5
Sir Walter Scott

Elena
    $1000 20
Jane Goodall

Elena
    $1000 18
the Danube

Stan
    $1000 14
bismuth

Elena

Scores at the end of the Double Jeopardy! Round:

Eric Stan Elena
$11,800 $5,900 $6,900

Final Jeopardy! Round responses

AWARDS
StanWho is Marie Curie?
$4,000
ElenaWho was Marie Curie?
$900
EricWho is Marie Curie?
$2,700
Marie Curie

Final scores:

Eric Stan Elena
$14,500 $9,900 $7,800

Game dynamics:

Coryat scores:

Eric Stan Elena
$9,100 $4,900 $6,900
29 R
(including 2 DDs),
5 W
14 R
(including 1 DD),
3 W
13 R,
0 W

Combined Coryat: $20,900

[game clues] [game scores] [suggest correction]

Game tape date: 1989-01-05
The J! Archive is created by fans, for fans. Scraping, republication, monetization, and malicious use prohibited; this site may use cookies and collect identifying information. See terms. The Jeopardy! game show and all elements thereof, including but not limited to copyright and trademark thereto, are the property of Jeopardy Productions, Inc. and are protected under law. This website is not affiliated with, sponsored by, or operated by Jeopardy Productions, Inc. Join the discussion at JBoard.tv.